| 000 | 00586cab a2200217 4500 | ||
|---|---|---|---|
| 001 | X444 | ||
| 008 | 090401t1993 xxu||||| |||| 00| 0 eng d | ||
| 035 | _a(Sirsi) u65645 | ||
| 041 | _aeng | ||
| 245 | _aMore construction job losses expected during 1993 | ||
| 260 | _c1993 | ||
| 350 | _a0 | ||
| 490 |
_aChartered Quantity Surveyor _v15(6) February 1993, 1(1) |
||
| 650 | _aCONSTRUCTION INDUSTRY | ||
| 650 | _aEC HARRIS | ||
| 650 | _aJOB LOSSES | ||
| 650 | _aREDUNDANCIES | ||
| 690 | _aMANAGEMENT-BUSINESS MANAGEMENT-PROFESSIONAL PRACTICE | ||
| 942 | _n0 | ||
| 948 | _c04/03/1997 | ||
| 999 |
_c40956 _d40956 |
||